Di tích Đầu Rằm - Nhận thức mới về thời đại kim khí ở vùng ven biển Đông Bắc Việt Nam /
Uloženo v:
| Hlavní autor: | |
|---|---|
| Médium: | Článek |
| Jazyk: | Vietnamese |
| Témata: | |
| Tagy: |
Přidat tag
Žádné tagy, Buďte první, kdo otaguje tento záznam!
|
| Thư viện lưu trữ: | Thư viện Trường Đại học Đà Lạt |
|---|
| LEADER | 00842nam a2200289 4500 | ||
|---|---|---|---|
| 001 | DLU060054059 | ||
| 040 | # | # | |a DLU |b vie |
| 041 | # | # | |a vie |
| 044 | # | # | |a vn |
| 100 | # | # | |a Phạm Thị Ninh |
| 245 | # | # | |a Di tích Đầu Rằm - Nhận thức mới về thời đại kim khí ở vùng ven biển Đông Bắc Việt Nam / |c Phạm Thị Ninh |
| 653 | # | # | |a Di tích Đầu Rằm |
| 653 | # | # | |a Di tích lịch sử |
| 653 | # | # | |a Di vật |
| 653 | # | # | |a Khai quật |
| 773 | # | # | |t Khảo cổ học |g Số 4, 2003, tr.28 - 46 |
| 920 | # | # | |a Phòng Tạp chí -- Trung tâm Thông tin - Thư viện Trường Đại học Đà Lạt |
| 933 | # | # | |a LS |
| 994 | # | # | |a DLU |
| 900 | # | # | |a True |
| 911 | # | # | |a Nguyễn Thị Yên |
| 925 | # | # | |a G |
| 926 | # | # | |a A |
| 927 | # | # | |a BB |
| 980 | # | # | |a Thư viện Trường Đại học Đà Lạt |